[Event "ISL-chT1 1920"]
[Site "Reykjavik"]
[Date "2021.05.15"]
[Round "7.2"]
[White "Thorgeirsson, Jon Kristinn"]
[Black "Leosson, Torfi"]
[Result "1-0"]
[WhiteElo "2295"]
[BlackElo "2152"]
[PlyCount "54"]
[EventDate "2019.10.03"]
[EventType "team-tourn"]
[EventRounds "9"]
[EventCountry "ISL"]
[SourceTitle "EXT 2022"]
[Source "ChessBase"]
[SourceDate "2021.10.06"]
[SourceVersion "1"]
[SourceVersionDate "2021.10.06"]
[SourceQuality "1"]
[WhiteTeam "Skakfelag Akureyrar"]
[BlackTeam "Taflfelag Reykjavikur II"]
[WhiteTeamCountry "ISL"]
[BlackTeamCountry "ISL"]

1. e4 c5 2. Nf3 g6 3. d4 cxd4 4. Qxd4 Nf6 5. Bb5 a6 6. e5 axb5 7. exf6 Nc6 8. Qh4 Ra4 9. fxe7 Bxe7 10. Qh6 Re4+ 11. Be3 d5 12. Nc3 Rg4 13. 0-0-0 Be6 14. Rhe1 b4 15. Nxd5 Bxd5 16. Qg7 Rf8 17. Bh6 Re4 18. Rxe4 Bxe4 19. Rxd8+ Kxd8 20. Qxh7 Re8 21. Qxf7 Kd7 22. Ng5 Bf5 23. f3 Rc8 24. Qd5+ Ke8 25. g4 Bxc2 26. Kxc2 b3+ 27. Kxb3 Na5+ 1-0

[Event "ISL-chT2 1718"]
[Site "Reykjavik"]
[Date "2018.03.02"]
[Round "5.4"]
[White "Johannsdottir, Johanna Bjorg"]
[Black "Leosson, Torfi"]
[Result "0-1"]
[WhiteElo "1891"]
[BlackElo "2143"]
[PlyCount "82"]
[EventDate "2017.10.20"]
[EventType "team-tourn"]
[EventRounds "7"]
[EventCountry "ISL"]
[SourceTitle "EXT 2019"]
[Source "ChessBase"]
[SourceDate "2018.10.10"]
[SourceVersion "1"]
[SourceVersionDate "2018.10.10"]
[SourceQuality "1"]
[WhiteTeam "Huginn"]
[BlackTeam "Reykjavik II"]
[WhiteTeamCountry "ISL"]
[BlackTeamCountry "ISL"]

1. e4 c5 2. Nf3 g6 3. c3 Bg7 4. g3 d6 5. Bg2 Nf6 6. d3 Bg4 7. Nbd2 0-0 8. 0-0 Nc6 9. Nc4 b5 10. Ne3 Bxf3 11. Bxf3 Qb6 12. a3 e6 13. Re1 Nd7 14. Bg2 a5 15. f4 b4 16. Nc4 Qc7 17. axb4 axb4 18. Rxa8 Rxa8 19. e5 dxe5 20. fxe5 Ra1 21. Bxc6 Qxc6 22. Qe2 Qd5 23. cxb4 cxb4 24. Kf2 Nxe5 25. Nxe5 Bxe5 26. Qxe5 Qxe5 27. Rxe5 Rxc1 28. Re2 Kf8 29. Ke3 Ke7 30. Kd2 Rh1 31. Kc2 Kd6 32. Kb3 Kc5 33. Rd2 e5 34. Re2 f6 35. h4 Rg1 36. Re3 Rg2 37. Rf3 f5 38. h5 Kd4 39. hxg6 hxg6 40. Kxb4 Rxb2+ 41. Ka3 Rd2 0-1

[Event "ISL-chT 1516"]
[Site "Reykjavik"]
[Date "2016.03.04"]
[Round "7.3"]
[White "Leosson, Torfi"]
[Black "Dziuba, Marcin"]
[Result "0-1"]
[WhiteElo "2169"]
[BlackElo "2558"]
[PlyCount "44"]
[EventDate "2015.09.24"]
[EventType "team-tourn"]
[EventRounds "9"]
[EventCountry "ISL"]
[SourceTitle "EXT 2017"]
[Source "ChessBase"]
[SourceDate "2016.10.25"]
[SourceVersion "1"]
[SourceVersionDate "2016.10.25"]
[SourceQuality "1"]
[WhiteTeam "Reykjavik II"]
[BlackTeam "The Viking"]
[WhiteTeamCountry "ISL"]
[BlackTeamCountry "ISL"]

1. Nf3 d5 2. c4 e6 3. g3 Nf6 4. Bg2 d4 5. 0-0 c5 6. e3 Nc6 7. exd4 cxd4 8. d3 Bd6 9. Na3 0-0 10. Nc2 e5 11. Rb1 a5 12. b3 Rb8 13. h3 Re8 14. Re1 h6 15. a3 b5 16. b4 bxc4 17. dxc4 d3 18. Ne3 axb4 19. axb4 Rxb4 20. Bd2 Rxb1 21. Qxb1 e4 22. Nh4 Nd4 0-1

[Event "ISL-chT2 1415"]
[Site "Reykjavik"]
[Date "2015.03.21"]
[Round "7.3"]
[White "Leosson, Torfi"]
[Black "Kristjansson, Arni H"]
[Result "1-0"]
[WhiteElo "2171"]
[BlackElo "1895"]
[PlyCount "109"]
[EventDate "2014.10.03"]
[EventType "team-tourn"]
[EventRounds "7"]
[EventCountry "ISL"]
[SourceTitle "EXT 2016"]
[Source "ChessBase"]
[SourceDate "2015.10.08"]
[SourceVersion "1"]
[SourceVersionDate "2015.10.08"]
[SourceQuality "1"]
[WhiteTeam "Reykjavik TR II"]
[BlackTeam "Vinaskakfelagid"]
[WhiteTeamCountry "ISL"]
[BlackTeamCountry "ISL"]

1. Nf3 Nf6 2. c4 g6 3. b4 Bg7 4. Bb2 0-0 5. g3 d5 6. c5 c6 7. Bg2 Nbd7 8. 0-0 Qc7 9. d4 Ne4 10. Nbd2 Nxd2 11. Qxd2 e5 12. dxe5 Nxe5 13. Nxe5 Bxe5 14. Bf3 Bf5 15. Rfd1 Rfe8 16. Bxe5 Qxe5 17. Qd4 Be4 18. Qxe5 Rxe5 19. Kg2 Bxf3+ 20. Kxf3 Re4 21. Rab1 Rae8 22. e3 Rc4 23. Rdc1 Ree4 24. a3 a6 25. Ke2 f5 26. f3 Rxc1 27. Rxc1 Re7 28. Kd3 Kf7 29. a4 Kf6 30. b5 axb5 31. axb5 Ke5 32. Ra1 Ke6 33. Kd4 Kd7 34. b6 Ke6 35. Ra8 Kf6 36. Rc8 Ke6 37. h3 Rd7 38. g4 fxg4 39. hxg4 Rf7 40. f4 Re7 41. Rf8 Rf7 42. Re8+ Re7 43. Rc8 Rd7 44. Rf8 Rf7 45. Rxf7 Kxf7 46. Ke5 h5 47. gxh5 gxh5 48. Kf5 h4 49. Kg4 Kf6 50. Kxh4 Kf5 51. Kh5 d4 52. exd4 Kxf4 53. d5 cxd5 54. c6 bxc6 55. b7 1-0

[Event "ISL-chT 0910"]
[Site "Reykjavik"]
[Date "2009.09.25"]
[Round "1"]
[White "Leosson, Torfi"]
[Black "Torfason, Jon"]
[Result "1-0"]
[WhiteElo "2151"]
[BlackElo "2272"]
[PlyCount "81"]
[EventDate "2009.09.25"]
[EventType "team-tourn"]
[EventRounds "7"]
[EventCountry "ISL"]
[SourceTitle "CBM 132 Extra"]
[Source "ChessBase"]
[SourceDate "2009.11.03"]
[SourceVersion "1"]
[SourceVersionDate "2009.11.03"]
[SourceQuality "1"]

1. e4 c6 2. d4 d5 3. exd5 cxd5 4. Bd3 Nc6 5. c3 Nf6 6. Bf4 Bg4 7. Qb3 Qb6 8. Nd2 e6 9. Ngf3 Bxf3 10. Nxf3 Be7 11. h3 Qxb3 12. axb3 a6 13. b4 0-0 14. 0-0 Rfd8 15. Nd2 Bd6 16. Bxd6 Rxd6 17. b5 Nd8 18. Ra3 Ne8 19. bxa6 bxa6 20. b4 Nc7 21. Nb3 Nb7 22. Rfa1 Kf8 23. b5 a5 24. Nxa5 Nxa5 25. Rxa5 Rxa5 26. Rxa5 Rb6 27. Kf1 h6 28. Ke2 Ke7 29. Kd2 Kd7 30. Kc2 Kc8 31. Kb3 Kb7 32. Kb4 Ne8 33. Kc5 Nf6 34. Ra2 Nd7+ 35. Kb4 Rd6 36. f4 g6 37. c4 dxc4 38. Be4+ Kc7 39. Ra7+ Kc8 40. Kxc4 Kd8 41. Bc6 1-0

[Event "Reykjavik-ch"]
[Site "Reykjavik"]
[Date "2009.01.30"]
[Round "9"]
[White "Leosson, Torfi"]
[Black "Magnusson, Patrekur Maron"]
[Result "1/2-1/2"]
[WhiteElo "2155"]
[BlackElo "1902"]
[PlyCount "48"]
[EventDate "2009.01.11"]
[EventType "swiss"]
[EventRounds "9"]
[EventCountry "ISL"]
[SourceTitle "EXT 2010"]
[Source "ChessBase"]
[SourceDate "2010.11.25"]
[SourceVersion "1"]
[SourceVersionDate "2010.11.25"]
[SourceQuality "1"]

1. e4 c5 2. Nf3 d6 3. d4 cxd4 4. Nxd4 Nf6 5. Nc3 a6 6. f4 e5 7. Nf3 Nbd7 8. a4 Be7 9. Bd3 0-0 10. 0-0 exf4 11. Bxf4 Qb6+ 12. Kh1 Qxb2 13. Nd5 Nxd5 14. exd5 Nc5 15. Qe2 Nxd3 16. Qxd3 Qb4 17. Bg5 Bxg5 18. Nxg5 Qh4 19. Ne4 Qh6 20. Qg3 f5 21. Nxd6 f4 22. Qa3 Rd8 23. Nxc8 Raxc8 24. Qd3 Qg6 1/2-1/2

[Event "Reykjavik-ch"]
[Site "Reykjavik"]
[Date "2009.01.16"]
[Round "3"]
[White "Leosson, Torfi"]
[Black "Gardarsson, Hordur"]
[Result "1-0"]
[WhiteElo "2155"]
[BlackElo "1951"]
[PlyCount "119"]
[EventDate "2009.01.11"]
[EventType "swiss"]
[EventRounds "9"]
[EventCountry "ISL"]
[SourceTitle "EXT 2010"]
[Source "ChessBase"]
[SourceDate "2010.11.25"]
[SourceVersion "1"]
[SourceVersionDate "2010.11.25"]
[SourceQuality "1"]

1. e4 c6 2. d4 d5 3. exd5 cxd5 4. Bd3 Nc6 5. c3 Nf6 6. Bf4 g6 7. Nd2 Bg7 8. Ngf3 0-0 9. h3 Re8 10. 0-0 Nh5 11. Bh2 e5 12. dxe5 Nxe5 13. Nxe5 Bxe5 14. Bxe5 Rxe5 15. Nf3 Re8 16. Qd2 Qf6 17. Bb5 Rd8 18. Qd4 Qd6 19. Rfd1 Ng7 20. Rd2 Be6 21. Rad1 Nf5 22. Qf6 Qc5 23. Bd3 Qe7 24. Qxe7 Nxe7 25. Nd4 Nc6 26. Be2 Rd7 27. c4 Rad8 28. c5 Nxd4 29. Rxd4 Rc7 30. b4 b6 31. cxb6 axb6 32. Bc4 Rcd7 33. Bb3 Kg7 34. f4 Rc7 35. Kf2 Kf6 36. R4d3 Ke7 37. Ke3 Rcd7 38. g4 f6 39. Rd4 Rc7 40. R1d3 Rd6 41. Bxd5 Bxd5 42. Rxd5 Rxd5 43. Rxd5 Ra7 44. Rd2 Ra3+ 45. Kd4 Rxh3 46. Kc4 Rg3 47. Kb5 Rxg4 48. Kxb6 Rxf4 49. b5 h5 50. Kc5 Rf1 51. b6 Rb1 52. a4 h4 53. a5 g5 54. a6 Rc1+ 55. Kb5 Rb1+ 56. Kc6 Rc1+ 57. Kb7 g4 58. a7 Ra1 59. a8Q Rxa8 60. Kxa8 1-0

[Event "Reykjavik TR-chA"]
[Site "Reykjavik"]
[Date "2008.11.12"]
[Round "8"]
[White "Kjartansson, David"]
[Black "Leosson, Torfi"]
[Result "0-1"]
[WhiteElo "2312"]
[BlackElo "2130"]
[PlyCount "64"]
[EventDate "2008.10.26"]
[EventType "tourn"]
[EventRounds "9"]
[EventCountry "ISL"]
[SourceTitle "EXT 2010"]
[Source "ChessBase"]
[SourceDate "2010.11.25"]
[SourceVersion "1"]
[SourceVersionDate "2010.11.25"]
[SourceQuality "1"]

1. e4 c5 2. Nf3 g6 3. d4 cxd4 4. Nxd4 Nc6 5. Nc3 Bg7 6. Be3 Nf6 7. Bc4 0-0 8. Bb3 a5 9. 0-0 d6 10. h3 Nxd4 11. Bxd4 Bd7 12. a4 Bc6 13. Re1 Nd7 14. Bxg7 Kxg7 15. Qd4+ Kg8 16. Bc4 Qb6 17. Qd2 Qb4 18. b3 Nb6 19. Bf1 d5 20. Rad1 dxe4 21. Qe3 f5 22. Na2 f4 23. Bc4+ Qxc4 24. Qxb6 Qxc2 25. Nc1 e3 26. f3 Qf2+ 27. Kh1 Bxf3 28. Qe6+ Kh8 29. gxf3 Qxf3+ 30. Kh2 Qg3+ 31. Kh1 Rf5 32. Re2 Qxh3+ 0-1

[Event "Reykjavik TR-chA"]
[Site "Reykjavik"]
[Date "2008.11.10"]
[Round "4"]
[White "Leosson, Torfi"]
[Black "Loftsson, Hrafn"]
[Result "0-1"]
[WhiteElo "2130"]
[BlackElo "2242"]
[PlyCount "96"]
[EventDate "2008.10.26"]
[EventType "tourn"]
[EventRounds "9"]
[EventCountry "ISL"]
[SourceTitle "EXT 2010"]
[Source "ChessBase"]
[SourceDate "2010.11.25"]
[SourceVersion "1"]
[SourceVersionDate "2010.11.25"]
[SourceQuality "1"]

1. e4 c5 2. Nf3 Nc6 3. d4 cxd4 4. Nxd4 Nf6 5. Nc3 e5 6. Nde2 d6 7. g3 Be7 8. Bg2 0-0 9. 0-0 a6 10. Be3 Ng4 11. Bc1 Nf6 12. h3 b5 13. Be3 b4 14. Nd5 Nxd5 15. exd5 Na5 16. b3 Nb7 17. Qd2 a5 18. a3 bxa3 19. Rxa3 Bd7 20. Nc3 Rc8 21. Na4 Bxa4 22. Rxa4 Qd7 23. Rc1 Bd8 24. Qe2 Nc5 25. Ra2 Bb6 26. Rca1 Qc7 27. Qb5 Rb8 28. Bxc5 dxc5 29. Ra4 Qd6 30. Rc4 Rfd8 31. Kh2 f5 32. Rd1 e4 33. c3 Qe5 34. Qc6 Rd6 35. Qb5 Rxd5 36. Rxd5 Qxd5 37. Rd4 Qe6 38. Bf1 Qf6 39. Bc4+ Kh8 40. Rd5 f4 41. g4 f3 42. Kg1 h6 43. Rxc5 Qxc3 44. b4 axb4 45. g5 Qc1+ 46. Kh2 Qf4+ 47. Kh1 Bxc5 48. Qxc5 Qxg5 0-1

[Event "Reykjavik TR-chA"]
[Site "Reykjavik"]
[Date "2008.11.05"]
[Round "5"]
[White "Bjarnason, Saevar"]
[Black "Leosson, Torfi"]
[Result "1/2-1/2"]
[WhiteElo "2219"]
[BlackElo "2130"]
[PlyCount "59"]
[EventDate "2008.10.26"]
[EventType "tourn"]
[EventRounds "9"]
[EventCountry "ISL"]
[SourceTitle "EXT 2010"]
[Source "ChessBase"]
[SourceDate "2010.11.25"]
[SourceVersion "1"]
[SourceVersionDate "2010.11.25"]
[SourceQuality "1"]

1. Nf3 g6 2. e4 Bg7 3. d4 c5 4. dxc5 Qa5+ 5. Bd2 Qxc5 6. Bc3 Nf6 7. Bd3 0-0 8. 0-0 Nc6 9. Nbd2 b5 10. Nb3 Qb6 11. a4 b4 12. Bd2 Ng4 13. Qc1 a5 14. h3 Nge5 15. Bh6 Nxf3+ 16. gxf3 Ne5 17. Kg2 Qf6 18. Be2 Bxh6 19. Qxh6 Ba6 20. Qd2 g5 21. Rg1 Bxe2 22. Qxe2 Ng6 23. Kh2 Kh8 24. Qe3 Qxb2 25. Rxg5 Qxc2 26. Nd4 Qb2 27. Rc1 Rac8 28. Rxc8 Rxc8 29. Rxa5 Qc3 30. Rb5 1/2-1/2

[Event "Bodsmot"]
[Site "Bodsmot"]
[Date "2008.06.17"]
[Round "4"]
[White "Johannesson, Ingvar Thor"]
[Black "Leosson, Torfi"]
[Result "1-0"]
[WhiteElo "2344"]
[BlackElo "2137"]
[PlyCount "77"]
[EventDate "2008.06.15"]
[EventType "tourn"]
[EventRounds "9"]
[EventCountry "ISL"]
[EventCategory "2"]
[SourceTitle "EXT 2010"]
[Source "ChessBase"]
[SourceDate "2010.11.25"]
[SourceVersion "1"]
[SourceVersionDate "2010.11.25"]
[SourceQuality "1"]

1. e4 d5 2. exd5 Qxd5 3. Nc3 Qd6 4. d4 Nf6 5. Nf3 a6 6. h3 b5 7. g3 Bb7 8. Bg2 e6 9. 0-0 Nbd7 10. Bf4 Qb6 11. a4 Bd6 12. Be3 c5 13. axb5 axb5 14. Rxa8+ Bxa8 15. dxc5 Bxc5 16. Bxc5 Nxc5 17. Qd4 b4 18. Na2 b3 19. cxb3 0-0 20. b4 Ncd7 21. Qxb6 Nxb6 22. Rc1 Rb8 23. Ne5 Bxg2 24. Kxg2 Ne8 25. Nc3 f6 26. Nc6 Rb7 27. Rd1 Nc4 28. Rd8 Kf8 29. Na5 Rxb4 30. Rd4 Ned6 31. Nxc4 Nxc4 32. b3 Ne3+ 33. fxe3 Rxb3 34. Rc4 Kf7 35. Kf3 h5 36. Rc7+ Kg6 37. Ne4 Rb1 38. Nd6 Rb8 39. Re7 1-0

[Event "Bodsmot"]
[Site "Bodsmot"]
[Date "2008.06.17"]
[Round "3"]
[White "Leosson, Torfi"]
[Black "Bekker Jensen, Simon"]
[Result "0-1"]
[WhiteElo "2137"]
[BlackElo "2392"]
[PlyCount "116"]
[EventDate "2008.06.15"]
[EventType "tourn"]
[EventRounds "9"]
[EventCountry "ISL"]
[EventCategory "2"]
[SourceTitle "EXT 2010"]
[Source "ChessBase"]
[SourceDate "2010.11.25"]
[SourceVersion "1"]
[SourceVersionDate "2010.11.25"]
[SourceQuality "1"]

1. g3 g6 2. Bg2 Bg7 3. Nf3 Nf6 4. d3 0-0 5. c4 d6 6. Nc3 e5 7. Bg5 h6 8. Bd2 Nc6 9. 0-0 Be6 10. b4 Qd7 11. b5 Nd8 12. Re1 Bh3 13. Bh1 Ng4 14. a4 f5 15. a5 Rb8 16. b6 axb6 17. axb6 c6 18. Ra5 Ne6 19. Qc2 Rbe8 20. Rea1 Nd4 21. Qd1 e4 22. Ne1 e3 23. fxe3 Nxe3 24. Bxe3 Rxe3 25. Ra8 Rfe8 26. Rxe8+ Qxe8 27. Ra2 Ne6 28. Nb5 cxb5 29. Bxb7 Bd4 30. Kh1 Bxb6 31. Nc2 Re5 32. d4 Re4 33. c5 Bc7 34. cxd6 Bxd6 35. Bxe4 fxe4 36. d5 Nc5 37. Nd4 b4 38. Qa1 Qe5 39. Ra8+ Kf7 40. Qa7+ Nd7 41. Ne6 Bxe6 42. dxe6+ Qxe6 43. Rd8 Ke7 44. Rh8 Qf7 45. Kg2 Bc5 46. Qa8 Qf2+ 47. Kh3 Qf1+ 48. Kh4 g5+ 49. Kh5 Qh3+ 50. Kg6 Qe6+ 51. Kh7 Nf6+ 52. Kxh6 Ng8+ 53. Kh5 Qh3+ 54. Kg6 Qxh8 55. Qb7+ Kd6 56. Qb8+ Kd5 57. Qb7+ Kd4 58. Qd7+ Kc3 0-1

[Event "ISL-chT 0405"]
[Site "Reykjavik"]
[Date "2004.11.20"]
[Round "3"]
[White "Leosson, Torfi"]
[Black "Kristinsson, Baldur"]
[Result "1/2-1/2"]
[WhiteElo "2173"]
[BlackElo "2173"]
[PlyCount "129"]
[EventDate "2004.11.19"]
[EventType "team-tourn"]
[EventRounds "7"]
[EventCountry "ISL"]
[SourceTitle "EXT 2006"]
[Source "ChessBase"]
[SourceDate "2005.11.24"]
[SourceVersion "1"]
[SourceVersionDate "2005.11.24"]
[SourceQuality "1"]

1. d4 Nf6 2. Nf3 g6 3. Bf4 Bg7 4. e3 0-0 5. Be2 c5 6. c3 Qb6 7. Qc1 d5 8. h3 Nc6 9. Nbd2 Nd7 10. 0-0 e5 11. dxe5 Ndxe5 12. Nxe5 Nxe5 13. Nf3 Nxf3+ 14. Bxf3 Be6 15. Qd2 Rfd8 16. Rac1 Rd7 17. Rfd1 h6 18. Qe2 Rad8 19. Rd2 Qa5 20. a3 b5 21. Rcd1 Qb6 22. Bg4 f5 23. Bf3 a5 24. g4 c4 25. gxf5 gxf5 26. Kh2 Bf7 27. Rg1 Qe6 28. Bh5 Kh7 29. Bxf7 Qxf7 30. Qf3 b4 31. axb4 axb4 32. cxb4 Rb7 33. Rgd1 Rb5 34. Qg3 Qg6 35. Qf3 Qe6 36. Qg2 Rd7 37. Rg1 Bf8 38. Qg3 Rg7 39. Qh4 Rxg1 40. Kxg1 Be7 41. Qh5 Bxb4 42. Re2 Bf8 43. Rd2 Bg7 44. Qe2 Qb6 45. Qd1 c3 46. bxc3 Rb1 47. Rxd5 Rxd1+ 48. Rxd1 Qb3 49. Rd6 Qxc3 50. Kg2 Bf6 51. Bg3 Be5 52. Bxe5 Qxe5 53. Rd4 Kg6 54. Rf4 Qe7 55. h4 Qb7+ 56. Kh2 Qd5 57. Kh3 Qd1 58. Kh2 Qe2 59. Kg3 Qe1 60. Kh2 Qf1 61. Kg3 Qh1 62. Rd4 Qg1+ 63. Kf3 Qh2 64. Rf4 h5 65. Rd4 1/2-1/2

[Event "Hafnarfjordur op"]
[Site "Hafnarfjordur"]
[Date "1996.??.??"]
[Round "9"]
[White "Leosson, Torfi"]
[Black "Berg, Susanne"]
[Result "1-0"]
[WhiteElo "2170"]
[BlackElo "2100"]
[PlyCount "65"]
[EventDate "1996.??.??"]
[EventType "swiss"]
[EventRounds "9"]
[EventCountry "ISL"]
[SourceTitle "EXT 1998"]
[Source "ChessBase"]
[SourceDate "1997.11.17"]
[SourceVersion "1"]
[SourceVersionDate "1997.11.17"]
[SourceQuality "1"]

1. e4 e5 2. Nc3 Nf6 3. a3 Nc6 4. Nf3 d5 5. Bb5 d4 6. Ne2 Bd7 7. d3 Bd6 8. Bxc6 Bxc6 9. Ng3 Bd7 10. h3 c5 11. c4 dxc3 12. bxc3 h6 13. 0-0 Be6 14. d4 cxd4 15. cxd4 exd4 16. e5 Bxe5 17. Nxe5 Qb6 18. Qa4+ Kf8 19. Qb4+ Qxb4 20. axb4 Ke7 21. Bb2 d3 22. Nxd3 Bc4 23. Rfe1+ Kd8 24. Ne5 Be6 25. Bd4 a6 26. Ne4 Nxe4 27. Rxe4 Rc8 28. Bb6+ Ke7 29. Bc5+ Kf6 30. Rae1 Bf5 31. Rf4 g5 32. Rf3 Rhe8 33. g4 1-0

[Event "Hafnarfjordur op"]
[Site "Hafnarfjordur"]
[Date "1996.??.??"]
[Round "1"]
[White "Leosson, Torfi"]
[Black "Blees, Albert"]
[Result "0-1"]
[WhiteElo "2170"]
[BlackElo "2415"]
[PlyCount "58"]
[EventDate "1996.??.??"]
[EventType "swiss"]
[EventRounds "9"]
[EventCountry "ISL"]
[SourceTitle "EXT 1998"]
[Source "ChessBase"]
[SourceDate "1997.11.17"]
[SourceVersion "1"]
[SourceVersionDate "1997.11.17"]
[SourceQuality "1"]

1. e4 c5 2. Nf3 e6 3. d3 Nc6 4. g3 g6 5. Bg2 Bg7 6. 0-0 Nge7 7. Nbd2 0-0 8. Re1 d6 9. Nf1 b6 10. h4 e5 11. h5 gxh5 12. N3h2 h4 13. gxh4 f5 14. exf5 Bxf5 15. Ng3 Rc8 16. Ng4 Qd7 17. Nh6+ Bxh6 18. Bxh6 Rf7 19. Qd2 Kh8 20. c3 Bh3 21. Bg5 Rcf8 22. Bxe7 Nxe7 23. d4 Bxg2 24. Kxg2 Ng6 25. Re4 Nf4+ 26. Kf1 Qh3+ 27. Ke1 Ng2+ 28. Kd1 Rxf2 29. Qg5 Rg8 0-1

[Event "Hafnarfjordur op"]
[Site "Hafnarfjordur"]
[Date "1996.??.??"]
[Round "3"]
[White "Leosson, Torfi"]
[Black "Burden, James"]
[Result "1-0"]
[WhiteElo "2170"]
[BlackElo "2125"]
[PlyCount "65"]
[EventDate "1996.??.??"]
[EventType "swiss"]
[EventRounds "9"]
[EventCountry "ISL"]
[SourceTitle "EXT 1998"]
[Source "ChessBase"]
[SourceDate "1997.11.17"]
[SourceVersion "1"]
[SourceVersionDate "1997.11.17"]
[SourceQuality "1"]

1. e4 c5 2. Nf3 d6 3. d4 cxd4 4. Nxd4 Nf6 5. Nc3 a6 6. Be2 e5 7. Nb3 Be7 8. Be3 Be6 9. f4 Qc7 10. f5 Bc4 11. g4 h6 12. Qd2 b5 13. Bf3 b4 14. Ne2 a5 15. Ng3 Nbd7 16. Qg2 Bb5 17. h4 a4 18. Nd2 Qxc2 19. g5 Ng8 20. Nh5 Bf8 21. g6 f6 22. Be2 Bc6 23. 0-0 Nc5 24. Rfc1 Qxb2 25. Nc4 Bxe4 26. Qf1 a3 27. Nxb2 axb2 28. Bxc5 dxc5 29. Bf3 bxa1Q 30. Rxa1 Bxf3 31. Qxf3 Rc8 32. Qb7 Rd8 33. Qf7# 1-0

[Event "ISL-ch"]
[Site "Gardabaer"]
[Date "1996.??.??"]
[Round "1"]
[White "Leosson, Torfi"]
[Black "Hjartarson, Johann"]
[Result "0-1"]
[WhiteElo "2160"]
[BlackElo "2570"]
[PlyCount "42"]
[EventDate "1996.??.??"]
[EventType "tourn"]
[EventRounds "11"]
[EventCountry "ISL"]
[EventCategory "6"]
[SourceTitle "EXT 1998"]
[Source "ChessBase"]
[SourceDate "1997.11.17"]
[SourceVersion "1"]
[SourceVersionDate "1997.11.17"]
[SourceQuality "1"]

1. e4 e5 2. d4 exd4 3. Qxd4 Nc6 4. Qe3 Nf6 5. Bd2 Bb4 6. Nc3 0-0 7. 0-0-0 Re8 8. Qg3 d6 9. f3 Ne5 10. h4 c6 11. h5 Qe7 12. Nge2 Nfd7 13. Nd4 Nb6 14. Qf4 Nbc4 15. Nb1 a5 16. c3 Bc5 17. g4 a4 18. Nf5 Qf8 19. Kc2 Be6 20. Bc1 Na5 21. Nd2 Bxa2 0-1

[Event "ISL-ch"]
[Site "Gardabaer"]
[Date "1996.??.??"]
[Round "10"]
[White "Leosson, Torfi"]
[Black "Petursson, Margeir"]
[Result "0-1"]
[WhiteElo "2160"]
[BlackElo "2585"]
[PlyCount "78"]
[EventDate "1996.??.??"]
[EventType "tourn"]
[EventRounds "11"]
[EventCountry "ISL"]
[EventCategory "6"]
[SourceTitle "EXT 1998"]
[Source "ChessBase"]
[SourceDate "1997.11.17"]
[SourceVersion "1"]
[SourceVersionDate "1997.11.17"]
[SourceQuality "1"]

1. g3 e5 2. Bg2 Nf6 3. d3 d5 4. Nf3 Nc6 5. 0-0 Be7 6. c3 a5 7. Nbd2 0-0 8. e4 dxe4 9. dxe4 Be6 10. Qe2 Nd7 11. Nc4 f6 12. Nfd2 Nc5 13. Ne3 Qd3 14. Qh5 Qd7 15. Rd1 Qe8 16. Qe2 a4 17. Nd5 Bd8 18. Rb1 Na7 19. c4 Bf7 20. b4 Ne6 21. Nf3 Bh5 22. Qd3 c6 23. Nc3 Nd4 24. Nxa4 b5 25. Nc3 bxc4 26. Qxc4+ Kh8 27. Qd3 Nab5 28. Nxb5 cxb5 29. a3 Bb6 30. Rf1 Bf7 31. Nd2 Rd8 32. Re1 Bh5 33. Kf1 Nf3 34. Qxf3 Bxf3 35. Bxf3 f5 36. Kg2 Qf7 37. exf5 Qxf5 38. Rb3 Rxd2 39. Bxd2 Qc2 0-1

[Event "ISL-ch"]
[Site "Gardabaer"]
[Date "1996.??.??"]
[Round "5"]
[White "Olafsson, Helgi"]
[Black "Leosson, Torfi"]
[Result "1-0"]
[WhiteElo "2485"]
[BlackElo "2160"]
[PlyCount "53"]
[EventDate "1996.??.??"]
[EventType "tourn"]
[EventRounds "11"]
[EventCountry "ISL"]
[EventCategory "6"]
[SourceTitle "EXT 1998"]
[Source "ChessBase"]
[SourceDate "1997.11.17"]
[SourceVersion "1"]
[SourceVersionDate "1997.11.17"]
[SourceQuality "1"]

1. Nf3 g6 2. g3 Bg7 3. Bg2 e5 4. c4 Nc6 5. Nc3 Nge7 6. d3 h6 7. Rb1 0-0 8. b4 a6 9. 0-0 d5 10. cxd5 Nxd5 11. Nxd5 Qxd5 12. Qc2 Qd6 13. Be3 Re8 14. Rfc1 Nxb4 15. Qd2 Nd5 16. Bxh6 b6 17. Bxg7 Kxg7 18. d4 e4 19. Ne5 Nf6 20. Rc6 Qd8 21. Qf4 Bb7 22. Bxe4 Bxc6 23. Bxc6 Qd6 24. Bxa8 Rxa8 25. Rc1 Qe7 26. Nxf7 Nh5 27. Qe5+ 1-0

[Event "Hafnarfjordur op"]
[Site "Hafnarfjordur"]
[Date "1996.??.??"]
[Round "8"]
[White "Thorfinnsson, Bjorn"]
[Black "Leosson, Torfi"]
[Result "1-0"]
[WhiteElo "2065"]
[BlackElo "2170"]
[PlyCount "91"]
[EventDate "1996.??.??"]
[EventType "swiss"]
[EventRounds "9"]
[EventCountry "ISL"]
[SourceTitle "EXT 1998"]
[Source "ChessBase"]
[SourceDate "1997.11.17"]
[SourceVersion "1"]
[SourceVersionDate "1997.11.17"]
[SourceQuality "1"]

1. b3 e5 2. Bb2 Nc6 3. g3 d5 4. Bg2 Nf6 5. d3 Be6 6. e3 Qd7 7. Nd2 h5 8. Ngf3 Bd6 9. Ng5 h4 10. Nxe6 Qxe6 11. a3 0-0-0 12. gxh4 Rxh4 13. Nf3 Rh5 14. h4 Qe7 15. Qe2 Rdh8 16. e4 dxe4 17. dxe4 Nd4 18. Bxd4 exd4 19. Nxd4 Qe5 20. 0-0-0 Bxa3+ 21. Kb1 c5 22. f4 Qxf4 23. Nb5 Bb4 24. Nd6+ Kc7 25. Qb5 Rb8 26. Rhf1 Qe5 27. Nxf7 Qe6 28. Ng5 Qa6 29. Qxa6 bxa6 30. e5 Ng4 31. Rf7+ Kb6 32. Rd6+ Ka5 33. Rxa7 Rb6 34. Bf1 c4 35. Rd5+ Rb5 36. Rxb5+ Kxb5 37. Bxc4+ Kc5 38. Rxa6 Rxg5 39. hxg5 Nxe5 40. Ra7 Nxc4 41. bxc4 Bc3 42. Rc7+ Kd6 43. Rf7 Ke6 44. Rf3 Bd2 45. g6 Kd6 46. Rd3+ 1-0

[Event "ISL-ch"]
[Site "Gardabaer"]
[Date "1996.??.??"]
[Round "9"]
[White "Ulfarsson, Magnus Orn"]
[Black "Leosson, Torfi"]
[Result "1/2-1/2"]
[WhiteElo "2290"]
[BlackElo "2160"]
[PlyCount "85"]
[EventDate "1996.??.??"]
[EventType "tourn"]
[EventRounds "11"]
[EventCountry "ISL"]
[EventCategory "6"]
[SourceTitle "EXT 1998"]
[Source "ChessBase"]
[SourceDate "1997.11.17"]
[SourceVersion "1"]
[SourceVersionDate "1997.11.17"]
[SourceQuality "1"]

1. e4 g6 2. d4 d6 3. h4 h5 4. Bg5 c5 5. dxc5 Bg7 6. Nc3 Bxc3+ 7. bxc3 f6 8. Be3 Qa5 9. Qd2 dxc5 10. Bc4 Nc6 11. Rb1 Bg4 12. Rb5 Qa4 13. Qd5 Ne5 14. Rxc5 Nxc4 15. Qxc4 Qxc2 16. f3 Qxg2 17. fxg4 hxg4 18. h5 g5 19. e5 Qxh1 20. Rc7 Qxh5 21. exf6 Nxf6 22. Qe6 Qh7 23. Bc5 Ng8 24. Bd4 Qb1+ 25. Kf2 Rh2+ 26. Kg3 Qxa2 27. Qd7+ Kf8 28. Qf5+ Ke8 29. Qd7+ Kf8 30. Qf5+ Ke8 31. Qd7+ Kf7 32. Qf5+ Nf6 33. Rxe7+ Kxe7 34. Qxf6+ Kd7 35. Qf5+ Kd6 36. Qc5+ Kd7 37. Qf5+ Kd6 38. Qc5+ Kd7 39. Qf5+ Kd6 40. Qg6+ Kd7 41. Qf5+ Kc7 42. Qc5+ Kd7 43. Qf5+ 1/2-1/2